000 01463cam a22004098i 4500
001 19394968
003 DLC
005 20170710170651.0
008 161205s2018 mnu j b 001 0 spa
010 _a 2016054203
020 _a9781512441277 (hard lb : alk. paper)
020 _a9781512454086 (pb : alk. paper)
040 _aDLC
_beng
_erda
_cDLC
041 1 _aspa
_heng
042 _apcc
050 0 0 _aQL666.L23
_bK4618 2018
082 0 0 _a597.95/6
_223
100 1 _aKenan, Tessa.
240 1 0 _aIt's a chameleon!
_lSpanish
245 1 0 _aEs un camaleón! /
_cpor Tessa Kenan.
260 _aMinneapolis :
_bEdiciones Lerner,
_c[2018]
264 1 _aMinneapolis :
_bEdiciones Lerner,
_c[2018]
300 _a24 pages :
_bcolor illustrations
_c24 cm
336 _atext
_btxt
_2rdacontent
337 _aunmediated
_bn
_2rdamedia
338 _avolume
_bnc
_2rdacarrier
490 0 _aBumba books en español. Animales de la selva tropical
504 _aIncludes bibliographical references and index.
505 0 _aLos camaleónes cambian de color -- Partes de un camaleón.
521 1 _aAge 4-7.
521 2 _aGrade K to grade 3.
650 0 _aChameleons
_vJuvenile literature.
650 0 _aRain forest animals
_vJuvenile literature.
776 0 8 _iOnline version:
_aKenan, Tessa.
_t¡Es un camaleón!
_dMinneapolis : Ediciones Lerner, [2018]
_z9781512449686
_w(DLC) 2016057308
942 _2ddc
_cBK
999 _c18180
_d18180